| 000 | 00804nam a2200229 i 4500 | ||
|---|---|---|---|
| 001 | 49008 | ||
| 003 | ES-MaACL | ||
| 005 | 20240511063019.0 | ||
| 008 | 030704r1974 sp d |||| | spa d | ||
| 020 | _a84-249-1322-1 | ||
| 100 | 1 |
_aCoromines, Joan, _d1905-1997 _940667 |
|
| 245 | 1 | 0 |
_aDiccionario crítico etimológico de la lengua castellana / _cpor Joan Corominas. |
| 250 | _aReimp. | ||
| 260 |
_aMadrid : _bGredos, _c1974. |
||
| 300 |
_a4 v. ; _c25 cm. |
||
| 490 | 0 |
_aBiblioteca románica hispánica. V. Diccionarios ; _v1 _9179266 |
|
| 505 | 8 |
_aContiene: v. I ; _tA-C - v. II ; _tCH-K - v. III ; _tL-RE - v. IV ; _tRI-Z. Índices |
|
| 650 | 7 |
_aLengua española- _xEtimología- _vDiccionarios _9162364 |
|
| 852 |
_aES-MaACL _jE-7957-60 |
||
| 942 | _2udc | ||
| 999 |
_c49008 _d49008 |
||